| 000 | 00621nam a2200193 4500 | ||
|---|---|---|---|
| 005 | 20251204141124.0 | ||
| 008 | 251204b |||||||| |||| 00| 0 eng d | ||
| 020 | _a978-93-5696-511-9 | ||
| 041 | _aEng | ||
| 082 |
_21st ed. _aSO 301 SRE B11942 |
||
| 100 |
_aSreevani R. _9213122 |
||
| 245 | _aTextbook of Behavioral Sciences (Psychology and Sociology) for GNM students | ||
| 250 | _a1st ed. | ||
| 260 |
_aNew Delhi _bJaypee Brothers _c2025 |
||
| 300 |
_axviii,246p _bpb _c24x17cm |
||
| 365 |
_aRupaye _b625 _cINR |
||
| 521 | _aTextbook of Behavioral Sciences (Psychology and Sociology) for GNM students | ||
| 942 | _cBK | ||
| 999 |
_c369270 _d369270 |
||